The Hunger Games First Names Quiz Stats

 Plays Quiz Updated Nov 22, 2013

Support Sporcle.
Go Orange.
Score 0/18 Timer 03:00
3 Plays Today
Last Name First Name % Correct
EverdeenKatniss and Prim
99.5%
MellarkPeeta
95.2%
HawthorneGale, Hazelle, Rory, Vick, Posy
82.7%
TrinketEffie
81.9%
AbernathyHaymitch
79.6%
OdairFinnick
74.1%
CraneSeneca
62.2%
HeavensbeePlutarch
59.7%
MasonJohanna
50.7%
Last Name First Name % Correct
CrestaAnnie
49.4%
UnderseeMadge
36.3%
CoinAlma
34.7%
TemplesmithClaudius
30.8%
SnowCoriolanus
21.6%
DonnerMaysilee
19%
CartwrightDelly
18.1%
CardewFulvia
13%
ThreadRomulus
12.9%

From the Vault

Harry Potter Chain: Sorcerer's Stone

by lolshortee

We're siriusly done with the Harry Potter jokes.
Remove Ads.
Support Sporcle.
Get the best of Sporcle when you Go Orange. This ad-free experience offers more features, more stats, and more fun while also helping to support Sporcle. Thank you for becoming a member.

Show Comments

Extras

Top Quizzes Today


Score Distribution

Your Account Isn't Verified!

In order to create a playlist on Sporcle, you need to verify the email address you used during registration. Go to your Sporcle Settings to finish the process.

Report this User

Report this user for behavior that violates our Community Guidelines.

Details: